000 00369nam a2200145Ia 4500
008 230711s9999||||xx |||||||||||||| ||und||
041 _aENG
082 _a624
_bJU-W
100 _aJutz,Scharkus
245 0 _aWestermann tables for the metal trade
250 _a1st
260 _c1994
_aNew Delhi
_bWiley Eastern Limited
650 _aMechanical Engineering
942 _cBK
999 _c2698
_d2698